| 000 | 00662nam a2200205 i 4500 | ||
|---|---|---|---|
| 001 | 89551 | ||
| 003 | ES-MaACL | ||
| 005 | 20250728043239.0 | ||
| 007 | t| | ||
| 008 | 050111s1934 sp ||||1| spa d | ||
| 100 | 1 |
_aLaski, Harold Joseph. _970444 |
|
| 245 | 1 | 3 |
_aLa democracia en crisis / _cHarold J. Laski ; traducción del inglés de Vicente Herrero Ayllón. |
| 260 |
_aMadrid : _bRevista de Derecho Privado, _c1934 ( _fImp. Helénica) |
||
| 300 |
_a250 p. ; _c20 cm. |
||
| 650 | 7 |
_aDemocracia _2embne _911574 |
|
| 700 | 1 |
_aHerrero Ayllón, Vicente. _963295 |
|
| 852 |
_aES-MaACL _jA-2857 |
||
| 852 |
_aES-MaACL _jA-5218 _bR.18268 |
||
| 999 |
_c89551 _d89551 |
||